| 000 | 00607nam a22002057a 4500 | ||
|---|---|---|---|
| 003 | OSt | ||
| 005 | 20210426081822.0 | ||
| 008 | 210215s2009 ||||| |||| 00| 0 eng d | ||
| 020 | _a9780715638880 | ||
| 040 |
_aeng _beng _cDLC |
||
| 041 | _aeng | ||
| 080 |
_a004 _bM-84 |
||
| 100 |
_9868 _aMoritz, Michael |
||
| 245 |
_aReturn to the Little Kingdom _b: Steve Jobs, The Creation of Apple, and How It Changed the World _c/ by: Duckworth Overlook |
||
| 260 |
_aLondon _bDuckworth Overlook _c2009 |
||
| 300 | _a352 p. | ||
| 650 | 0 |
_9869 _aComputers |
|
| 653 | _aკომპიუტერი | ||
| 942 |
_2udc _cBK |
||
| 999 |
_c1375 _d1375 |
||